[Event "DLM 2009"]
[Site "Wismar GER"]
[Date "2009.09.30"]
[Round "1"]
[White "Wendling, Hannes"]
[Black "Strunski, Andreas"]
[Result "1/2-1/2"]
[Termination "normal"]
[Board "1.1"]
[BlackTitle "FM"]
[WhiteElo "2193"]
[BlackElo "2394"]
[WhiteTeam "Thüringen"]
[BlackTeam "Württemberg"]
[PlyCount "81"]
[WhiteFideId "24624284"]
[BlackFideId "24606073"]
[EventCountry "GER"]
[EventRounds "7"]
[EventType "team-swiss"]
[EventDate "2009.09.29"]

1. e4 c5 2. Nf3 e6 3. d4 cxd4 4. Nxd4 Nc6 5. Nc3 Qc7 6. Be2 a6 7. O-O Nf6 8.
Be3 Bb4 9. Nxc6 bxc6 10. Na4 Rb8 11. Qd3 O-O 12. f4 d5 13. e5 Ne4 14. Bf3 Qa5
15. Bxe4 dxe4 16. Qxe4 Qxa4 17. a3 Rd8 18. b3 Qb5 19. axb4 c5 20. Bxc5 Rd2 21.
Rf2 Rxf2 22. Kxf2 Bb7 23. Qe2 Qc6 24. Kg1 Rd8 25. Bd6 Qc3 26. Rd1 h6 27. Qd3
Qb2 28. h3 Rc8 29. Bc5 a5 30. Rd2 Be4 31. Qd7 Qc1+ 32. Kh2 Kh7 33. Rf2 Ra8 34.
b5 Bxc2 35. Qc6 Bxb3 36. Qxa8 Qxc5 37. Qe4+ g6 38. Rf1 Qxb5 39. Ra1 a4 40. Qd4
Qc6 41. Qd2 1/2-1/2

[Event "DLM 2009"]
[Site "Wismar GER"]
[Date "2009.09.30"]
[Round "1"]
[White "Pogan, Nikolas"]
[Black "Siebarth, Raiko"]
[Result "1-0"]
[Termination "normal"]
[Board "1.2"]
[WhiteElo "2069"]
[BlackElo "2218"]
[WhiteTeam "Württemberg"]
[BlackTeam "Thüringen"]
[PlyCount "85"]
[WhiteFideId "24673579"]
[BlackFideId "4674766"]
[EventCountry "GER"]
[EventRounds "7"]
[EventType "team-swiss"]
[EventDate "2009.09.29"]

1. d4 Nf6 2. c4 e6 3. g3 d5 4. Bg2 c6 5. Qc2 Be7 6. Nf3 Nbd7 7. O-O O-O 8. b3
b6 9. Bb2 Bb7 10. Nc3 dxc4 11. bxc4 c5 12. d5 exd5 13. cxd5 Rc8 14. e4 Bd6 15.
Rfe1 Re8 16. Nd2 c4 17. Nb5 Bb8 18. a4 a6 19. Nc3 Ng4 20. h3 Nge5 21. Bf1 Nc5
22. Bxc4 Nxa4 23. Qxa4 Qg5 24. Re3 Nxc4 25. Nxc4 b5 26. Nxb5 axb5 27. Qxb5 Bc6
28. Qb3 Bd7 29. h4 Qg6 30. Nb6 Bf4 31. Nxc8 Bxe3 32. Qxe3 Bxc8 33. e5 Bb7 34.
Qb3 Ba8 35. Qa4 f5 36. Qxa8 Rxa8 37. Rxa8+ Kf7 38. e6+ Ke7 39. Ba3+ Kf6 40.
Bb2+ Ke7 41. Ba3+ Kf6 42. Rf8+ Ke5 43. e7 1-0

[Event "DLM 2009"]
[Site "Wismar GER"]
[Date "2009.09.30"]
[Round "1"]
[White "Urban, Lars"]
[Black "Erben, Larissa"]
[Result "1-0"]
[Termination "normal"]
[Board "1.3"]
[WhiteElo "1831"]
[BlackElo "2035"]
[WhiteTeam "Thüringen"]
[BlackTeam "Württemberg"]
[PlyCount "87"]
[WhiteFideId "4644034"]
[BlackFideId "24634590"]
[EventCountry "GER"]
[EventRounds "7"]
[EventType "team-swiss"]
[EventDate "2009.09.29"]

1. d4 d5 2. c4 e6 3. Nc3 c6 4. cxd5 exd5 5. Qc2 g6 6. Bf4 Bf5 7. Qd2 Bd6 8.
Bxd6 Qxd6 9. Nf3 Nf6 10. e3 Nbd7 11. Nh4 Be6 12. Bd3 Nh5 13. h3 f5 14. O-O-O
O-O 15. g4 Ng7 16. Rdg1 f4 17. Ng2 fxe3 18. fxe3 c5 19. dxc5 Nxc5 20. Bc2 Rad8
21. Kb1 Qa6 22. Nf4 Ne4 23. Bxe4 dxe4 24. Qc2 Bc4 25. Ka1 g5 26. Ng2 Bd3 27.
Qb3+ Bc4 28. Qc2 Bd3 29. Qb3+ Kh8 30. h4 Rf2 31. hxg5 Bc4 32. Qa3 Qxa3 33. bxa3
Ne6 34. g6 Nf8 35. Nf4 h6 36. Rxh6+ Kg7 37. Rgh1 Bg8 38. g5 Rxf4 39. exf4 Nxg6
40. f5 Nf4 41. Nxe4 Rd4 42. Nf6 Bf7 43. Rh7+ Kf8 44. g6 1-0

[Event "DLM 2009"]
[Site "Wismar GER"]
[Date "2009.09.30"]
[Round "1"]
[White "Schäfer, Alexander"]
[Black "Hoffmann, Sascha"]
[Result "1-0"]
[Termination "normal"]
[Board "1.4"]
[WhiteElo "2073"]
[BlackElo "1755"]
[WhiteTeam "Württemberg"]
[BlackTeam "Thüringen"]
[PlyCount "87"]
[WhiteFideId "24615196"]
[BlackFideId "24668931"]
[EventCountry "GER"]
[EventRounds "7"]
[EventType "team-swiss"]
[EventDate "2009.09.29"]

1. c4 Nf6 2. Nc3 g6 3. g3 Bg7 4. Bg2 O-O 5. d3 Nc6 6. Nf3 d6 7. O-O Bd7 8. Rb1
Qe8 9. Re1 e5 10. b4 Nh5 11. Nd5 Qd8 12. Nd2 Rb8 13. Ne4 Ne7 14. Nxe7+ Qxe7 15.
b5 f5 16. Nc3 Nf6 17. Bg5 Qe8 18. Bxf6 Bxf6 19. Qa4 a6 20. Qa5 axb5 21. Qxc7
bxc4 22. dxc4 Bc6 23. Qxd6 Bxg2 24. Kxg2 Qc6+ 25. Qd5+ Kg7 26. Qxc6 bxc6 27.
Rxb8 Rxb8 28. Rb1 Ra8 29. Rb7+ Kh6 30. Rb6 e4 31. Nd1 Rxa2 32. Rxc6 Bg7 33. Ne3
Rxe2 34. Nxf5+ Kg5 35. Nxg7 e3 36. Kf3 Rxf2+ 37. Kxe3 Rxh2 38. Kf3 h5 39. Ne6+
Kf5 40. Nf4 g5 41. Nxh5 g4+ 42. Ke3 Rb2 43. Rc5+ Kg6 44. Kf4 1-0

[Event "DLM 2009"]
[Site "Wismar GER"]
[Date "2009.09.30"]
[Round "1"]
[White "Schätz, Bianca"]
[Black "Xu, Xianliang"]
[Result "0-1"]
[Termination "normal"]
[Board "1.5"]
[WhiteElo "1674"]
[BlackElo "1961"]
[WhiteTeam "Thüringen"]
[BlackTeam "Württemberg"]
[PlyCount "50"]
[WhiteFideId "24655821"]
[BlackFideId "4603230"]
[EventCountry "GER"]
[EventRounds "7"]
[EventType "team-swiss"]
[EventDate "2009.09.29"]

1. e4 d5 2. exd5 Qxd5 3. Nc3 Qa5 4. d4 c6 5. Nf3 Nf6 6. Bd2 Bf5 7. Bc4 e6 8.
Qe2 Bb4 9. O-O-O Nbd7 10. Ne5 Nxe5 11. dxe5 Nd5 12. Nxd5 Bxd2+ 13. Rxd2 cxd5
14. Bb3 b5 15. g4 Bg6 16. Rf1 Qb6 17. f4 Be4 18. f5 O-O 19. f6 a5 20. a4 bxa4
21. Bxa4 Rab8 22. c3 Rfc8 23. b3 Rxc3+ 24. Kd1 Rbc8 25. Qb5 Qe3 0-1

[Event "DLM 2009"]
[Site "Wismar GER"]
[Date "2009.09.30"]
[Round "1"]
[White "Stitterich, Nadine"]
[Black "Senf, Paul"]
[Result "1-0"]
[Termination "normal"]
[Board "1.6"]
[WhiteElo "1941"]
[BlackElo "1494"]
[WhiteTeam "Württemberg"]
[BlackTeam "Thüringen"]
[PlyCount "131"]
[WhiteFideId "24676527"]
[BlackFideId "12900389"]
[EventCountry "GER"]
[EventRounds "7"]
[EventType "team-swiss"]
[EventDate "2009.09.29"]

1. e4 c6 2. d4 d5 3. Nc3 dxe4 4. Nxe4 Nd7 5. Nf3 Ngf6 6. Ng3 e6 7. Bd3 Be7 8.
O-O O-O 9. Re1 c5 10. c3 b6 11. Ne5 Bb7 12. Qe2 cxd4 13. cxd4 Nb8 14. Rd1 Qd5
15. Qf1 Nc6 16. Bc4 Qd8 17. Be3 Rc8 18. a3 Qc7 19. Nxc6 Bxc6 20. Rac1 Qd7 21.
Ba6 Rcd8 22. Qc4 Bd5 23. Qe2 Bb7 24. Bb5 Qd5 25. f3 Rc8 26. Bc4 Qd8 27. Bf2 Nd5
28. Ne4 Nf6 29. Re1 Qd7 30. Red1 Rfd8 31. Bg3 Bd5 32. Bb5 Bc6 33. Ba6 Ra8 34.
Rd2 Nd5 35. b4 Bb7 36. Bxb7 Qxb7 37. Rdc2 Rac8 38. Qd2 a6 39. Nf2 h6 40. Rxc8
Rxc8 41. Rxc8+ Qxc8 42. Ne4 Qc4 43. Qb2 Ne3 44. h3 Qc2 45. Qxc2 Nxc2 46. Bc7
Nxa3 47. Bxb6 Bxb4 48. Bc5 Bxc5 49. dxc5 Kf8 50. Kf2 Ke7 51. Ke2 Kd7 52. Kd3
Kc6 53. Nd6 f5 54. Ne8 Kxc5 55. Nxg7 Kd5 56. Nh5 Nb5 57. Nf4+ Ke5 58. g3 a5 59.
Kc4 a4 60. Nd3+ Kd6 61. Kxb5 a3 62. Nb4 e5 63. Kc4 e4 64. fxe4 Ke5 65. exf5
Kxf5 66. Kd4 1-0

[Event "DLM 2009"]
[Site "Wismar GER"]
[Date "2009.09.30"]
[Round "1"]
[White "Jünger, Theresa"]
[Black "Kaulich, Philipp Theodor"]
[Result "0-1"]
[Termination "time forfeit"]
[Board "1.7"]
[WhiteElo "1581"]
[BlackElo "1862"]
[WhiteTeam "Thüringen"]
[BlackTeam "Württemberg"]
[PlyCount "77"]
[BlackFideId "4641582"]
[EventCountry "GER"]
[EventRounds "7"]
[EventType "team-swiss"]
[EventDate "2009.09.29"]

1. d4 f5 2. e3 Nf6 3. b3 g6 4. Bb2 Bg7 5. Nf3 O-O 6. Be2 d6 7. O-O c6 8. c4 Qe8
9. Nc3 Bd7 10. Ne1 e5 11. Ba3 exd4 12. exd4 Qe6 13. Rc1 Re8 14. Bf3 Ne4 15.
Bxe4 fxe4 16. Nc2 c5 17. Re1 Qf5 18. Ne3 Qg5 19. dxc5 dxc5 20. Qd5+ Qxd5 21.
Ncxd5 Na6 22. Rcd1 Rad8 23. Nf1 Kf7 24. Bc1 Bg4 25. Rd2 b6 26. h3 Bc8 27. Rde2
Bb7 28. Bg5 Rd7 29. Rxe4 Rxe4 30. Rxe4 Bxd5 31. cxd5 h6 32. Bh4 g5 33. Bg3 Rxd5
34. Ne3 Rd4 35. Rxd4 cxd4 36. Nd1 Nb4 37. a4 Ke6 38. Kf1 Kd5 39. f3 0-1

[Event "DLM 2009"]
[Site "Wismar GER"]
[Date "2009.09.30"]
[Round "1"]
[White "Weber, Sandra"]
[Black "Zahn, Alina"]
[Result "1/2-1/2"]
[Termination "normal"]
[Board "1.8"]
[WhiteElo "1334"]
[BlackElo "1583"]
[WhiteTeam "Württemberg"]
[BlackTeam "Thüringen"]
[PlyCount "91"]
[WhiteFideId "1270049"]
[BlackFideId "24696730"]
[EventCountry "GER"]
[EventRounds "7"]
[EventType "team-swiss"]
[EventDate "2009.09.29"]

1. e4 e5 2. Nf3 Nc6 3. Bb5 a6 4. Ba4 Nf6 5. O-O b5 6. Bb3 Be7 7. Re1 d6 8. h3
O-O 9. c3 Bb7 10. d4 Re8 11. d5 Na5 12. Bc2 c6 13. dxc6 Bxc6 14. Nbd2 Nb7 15.
Nf1 Nc5 16. Ng3 Qc7 17. b4 Nb7 18. Bb2 a5 19. a3 Bf8 20. Qe2 Nd8 21. c4 Qb7 22.
Bc3 axb4 23. Bxb4 bxc4 24. Qxc4 Bb5 25. Qb3 Rc8 26. Rad1 Bc4 27. Qe3 d5 28.
Bxf8 Kxf8 29. exd5 Bxd5 30. Be4 Bxe4 31. Nxe4 Nxe4 32. Qxe4 Qxe4 33. Rxe4 f6
34. Re2 Ne6 35. a4 Rc4 36. Ra2 Ra8 37. a5 Nc5 38. Rd5 Nb3 39. Nd2 Nxd2 40.
Raxd2 Ra4 41. Rd8+ Rxd8 42. Rxd8+ Ke7 43. Ra8 h5 44. Ra7+ Kf8 45. Ra8+ Kf7 46.
Ra7+ 1/2-1/2

[Event "DLM 2009"]
[Site "Wismar GER"]
[Date "2009.09.30"]
[Round "1"]
[White "Högy, Kevin"]
[Black "Kesten, Sebastian"]
[Result "0-1"]
[Termination "normal"]
[Board "2.1"]
[WhiteElo "2145"]
[BlackElo "2130"]
[WhiteTeam "Hessen"]
[BlackTeam "Mecklenburg-Vorpommern 1"]
[PlyCount "96"]
[WhiteFideId "24647098"]
[BlackFideId "24616214"]
[EventCountry "GER"]
[EventRounds "7"]
[EventType "team-swiss"]
[EventDate "2009.09.29"]

1. d4 Nf6 2. Nf3 g6 3. b3 Bg7 4. Bb2 d6 5. g3 O-O 6. Bg2 c6 7. O-O Qc7 8. c4
Re8 9. Nc3 e5 10. dxe5 dxe5 11. e4 Nbd7 12. Qc2 a5 13. Na4 b6 14. Rad1 Bf8 15.
Rfe1 Nc5 16. Nxc5 Bxc5 17. h3 Nd7 18. Qc1 Kg7 19. Qg5 f6 20. Qh4 Nf8 21. a4 g5
22. Qh5 Qf7 23. Qxf7+ Kxf7 24. Kf1 Ba6 25. Kg1 Ke7 26. Bf1 Rad8 27. Be2 Bb4 28.
Rxd8 Rxd8 29. Rd1 Ne6 30. Rxd8 Kxd8 31. Bd3 Nc5 32. Bc2 b5 33. cxb5 cxb5 34.
axb5 Bxb5 35. Bc1 Bc6 36. Nd2 Bd7 37. Nc4 Bxh3 38. Be3 Nd7 39. f3 Be6 40. g4 a4
41. Nd2 a3 42. Bb1 Bxd2 43. Bxd2 Bxb3 44. Ba5+ Ke8 45. Bc3 a2 46. Bd3 Nc5 47.
Bb5+ Kf7 48. Kf2 Be6 0-1

[Event "DLM 2009"]
[Site "Wismar GER"]
[Date "2009.09.30"]
[Round "1"]
[White "Kugler, Florian"]
[Black "Rafiee, Makan"]
[Result "0-1"]
[Termination "normal"]
[Board "2.2"]
[WhiteElo "2058"]
[BlackElo "2136"]
[WhiteTeam "Mecklenburg-Vorpommern 1"]
[BlackTeam "Hessen"]
[PlyCount "62"]
[WhiteFideId "4633300"]
[BlackFideId "24609340"]
[EventCountry "GER"]
[EventRounds "7"]
[EventType "team-swiss"]
[EventDate "2009.09.29"]

1. e4 c5 2. Nf3 d6 3. d4 cxd4 4. Nxd4 Nf6 5. Nc3 a6 6. Bg5 e6 7. f4 Qb6 8. Nb3
Nbd7 9. Qf3 Qc7 10. g4 b5 11. a3 Rb8 12. Bh4 h6 13. Bg3 Nc5 14. Nxc5 Qxc5 15.
Bf2 Qc7 16. Bd3 Be7 17. O-O Bb7 18. h3 Nd7 19. Bd4 Bf6 20. Bxf6 gxf6 21. Qg3
Ke7 22. Rae1 Rbg8 23. Kf2 b4 24. axb4 Qb6+ 25. Qe3 Qxb4 26. Nd1 h5 27. gxh5
Rxh5 28. Rg1 Rgh8 29. Rg3 Rh4 30. Reg1 Nc5 31. Re1 Bxe4 0-1

[Event "DLM 2009"]
[Site "Wismar GER"]
[Date "2009.09.30"]
[Round "1"]
[White "Aslan, Benjamin"]
[Black "Völsgen, Georg"]
[Result "1-0"]
[Termination "normal"]
[Board "2.3"]
[WhiteElo "2040"]
[BlackElo "1969"]
[WhiteTeam "Hessen"]
[BlackTeam "Mecklenburg-Vorpommern 1"]
[PlyCount "77"]
[WhiteFideId "24640298"]
[BlackFideId "24635901"]
[EventCountry "GER"]
[EventRounds "7"]
[EventType "team-swiss"]
[EventDate "2009.09.29"]

1. d4 Nf6 2. c4 g6 3. Nc3 Bg7 4. e4 d6 5. Be2 O-O 6. Nf3 Nc6 7. O-O e5 8. d5
Ne7 9. Ne1 Ne8 10. Be3 f5 11. f3 Nf6 12. c5 h5 13. a4 fxe4 14. cxd6 Qxd6 15.
fxe4 Ng4 16. Rxf8+ Bxf8 17. Bxg4 Bxg4 18. Qb3 a6 19. Qxb7 Re8 20. Nd3 Nc8 21.
Rf1 h4 22. h3 Bh5 23. Nc5 Qb6 24. Qxb6 Nxb6 25. b3 Bxc5 26. Bxc5 Nd7 27. b4 Kg7
28. Be3 Rb8 29. b5 axb5 30. Nxb5 Nf6 31. Nxc7 Nxe4 32. a5 Rc8 33. Bb6 Nd2 34.
Rf2 Nc4 35. Rc2 Nxb6 36. axb6 Rb8 37. d6 Bd1 38. Rd2 Ba4 39. d7 1-0

[Event "DLM 2009"]
[Site "Wismar GER"]
[Date "2009.09.30"]
[Round "1"]
[White "Stövesand, Peter"]
[Black "Göbel, Constantin"]
[Result "0-1"]
[Termination "normal"]
[Board "2.4"]
[WhiteElo "1554"]
[BlackElo "1965"]
[WhiteTeam "Mecklenburg-Vorpommern 1"]
[BlackTeam "Hessen"]
[PlyCount "46"]
[WhiteFideId "1270624"]
[BlackFideId "24647071"]
[EventCountry "GER"]
[EventRounds "7"]
[EventType "team-swiss"]
[EventDate "2009.09.29"]

1. e4 c5 2. Nf3 Nc6 3. d4 cxd4 4. Nxd4 e5 5. Nb5 d6 6. Be3 Be6 7. Be2 Be7 8.
O-O Nf6 9. N5c3 Qa5 10. Nd2 O-O 11. Nb3 Qd8 12. Bd3 Ng4 13. Bd2 Rc8 14. Nd5 Bg5
15. f4 exf4 16. Bxf4 Bxf4 17. Rxf4 Nce5 18. Nd4 Qg5 19. Nf3 Nxf3+ 20. Rxf3 Bxd5
21. exd5 Qe5 22. Rh3 Qd4+ 23. Kf1 Qf2# 0-1

[Event "DLM 2009"]
[Site "Wismar GER"]
[Date "2009.09.30"]
[Round "1"]
[White "Breitwieser, Jasmin"]
[Black "Scheel, Henrik"]
[Result "0-1"]
[Termination "normal"]
[Board "2.5"]
[WhiteElo "1866"]
[BlackElo "1632"]
[WhiteTeam "Hessen"]
[BlackTeam "Mecklenburg-Vorpommern 1"]
[PlyCount "90"]
[WhiteFideId "24601705"]
[BlackFideId "24692115"]
[EventCountry "GER"]
[EventRounds "7"]
[EventType "team-swiss"]
[EventDate "2009.09.29"]

1. e4 e5 2. Nf3 Nc6 3. Bc4 Be7 4. Nc3 d6 5. h3 Na5 6. Be2 Nc6 7. d4 Nxd4 8.
Nxd4 exd4 9. Qxd4 Bf6 10. Qd3 Ne7 11. Be3 Nc6 12. O-O-O Be6 13. Nd5 a6 14. f4
Bxd5 15. exd5 Ne7 16. g4 g6 17. Bd4 Bxd4 18. Qxd4 Rg8 19. Rhe1 Qd7 20. Bf3 Kf8
21. Rd3 Rg7 22. Rde3 Ng8 23. g5 Qxh3 24. Qa7 Rd8 25. Qxb7 Qc8 26. Qc6 f5 27.
gxf6 Nxf6 28. Re6 Rf7 29. Qc3 Ng8 30. Bg4 Qb7 31. Qe3 Qb5 32. b3 a5 33. Qe4 Qb4
34. Re8+ Rxe8 35. Qxe8+ Kg7 36. Re4 Qa3+ 37. Kb1 Nf6 38. Ra4 Qc5 39. Qe2 Qg1+
40. Kb2 Qxg4 41. Qxg4 Nxg4 42. Rxa5 h5 43. Ra4 h4 44. f5 gxf5 45. Rf4 h3 0-1

[Event "DLM 2009"]
[Site "Wismar GER"]
[Date "2009.09.30"]
[Round "1"]
[White "Rogasch, Miriam"]
[Black "Tran, My Linh"]
[Result "1-0"]
[Termination "normal"]
[Board "2.6"]
[WhiteElo "1578"]
[BlackElo "1807"]
[WhiteTeam "Mecklenburg-Vorpommern 1"]
[BlackTeam "Hessen"]
[PlyCount "87"]
[WhiteFideId "4616324"]
[BlackFideId "24682462"]
[EventCountry "GER"]
[EventRounds "7"]
[EventType "team-swiss"]
[EventDate "2009.09.29"]

1. e4 e5 2. Nf3 Nc6 3. Bc4 Bc5 4. b4 Bxb4 5. c3 Be7 6. O-O Na5 7. Nxe5 Nxc4 8.
Nxc4 d5 9. exd5 Qxd5 10. Qe2 Be6 11. Ne3 Qd7 12. d4 c6 13. Ba3 Rd8 14. Re1 Bxa3
15. Nxa3 Nf6 16. Nac4 O-O 17. Ne5 Qc7 18. Qf3 c5 19. Red1 cxd4 20. cxd4 Nd5 21.
Rac1 Qd6 22. Nf5 Bxf5 23. Qxf5 Ne7 24. Qf3 Qd5 25. Rc7 f6 26. Rxe7 fxe5 27.
Qxd5+ Rxd5 28. Rxe5 Rfd8 29. Rxd5 Rxd5 30. f4 Kf7 31. Kf2 Ke6 32. Kf3 Ra5 33.
Rd2 Kd5 34. f5 b5 35. g4 Ra3+ 36. Kf4 h6 37. g5 hxg5+ 38. Kxg5 Ra6 39. h4 Rf6
40. h5 a5 41. Re2 Kd6 42. Re5 Kc6 43. Re6+ Rxe6 44. fxe6 1-0

[Event "DLM 2009"]
[Site "Wismar GER"]
[Date "2009.09.30"]
[Round "1"]
[White "Bluhm, Sonja Maria"]
[Black "Schöbel, Ulrike"]
[Result "1-0"]
[Termination "normal"]
[Board "2.7"]
[WhiteElo "1723"]
[BlackElo "1681"]
[WhiteTeam "Hessen"]
[BlackTeam "Mecklenburg-Vorpommern 1"]
[PlyCount "51"]
[WhiteFideId "24654027"]
[EventCountry "GER"]
[EventRounds "7"]
[EventType "team-swiss"]
[EventDate "2009.09.29"]

1. e4 d5 2. exd5 Qxd5 3. Nc3 Qa5 4. d4 Bf5 5. Bc4 c6 6. Bd2 Nd7 7. Qe2 Ngf6 8.
Nb5 Qb6 9. Nd6+ Kd8 10. Nxf7+ Kc8 11. Nxh8 Qxb2 12. Rc1 Qxd4 13. Nf3 Qd6 14.
Nf7 Qc5 15. O-O h6 16. N7e5 g5 17. Nxd7 Nxd7 18. Be6 Bxe6 19. Qxe6 Kc7 20. Rfd1
Rd8 21. Be3 Qa5 22. Rb1 Nb6 23. Rxd8 Kxd8 24. Bxb6+ axb6 25. Rd1+ Kc7 26. Qd7+
1-0

[Event "DLM 2009"]
[Site "Wismar GER"]
[Date "2009.09.30"]
[Round "1"]
[White "Sadewasser, Lucie"]
[Black "Keller, Peter"]
[Result "1-0"]
[Termination "normal"]
[Board "2.8"]
[WhiteElo "1031"]
[BlackElo "1799"]
[WhiteTeam "Mecklenburg-Vorpommern 1"]
[BlackTeam "Hessen"]
[PlyCount "69"]
[WhiteFideId "12905445"]
[BlackFideId "1272105"]
[EventCountry "GER"]
[EventRounds "7"]
[EventType "team-swiss"]
[EventDate "2009.09.29"]

1. e4 e5 2. Nf3 Nc6 3. Bb5 a6 4. Bxc6 dxc6 5. Nc3 Bd6 6. d4 Qe7 7. O-O Bg4 8.
d5 c5 9. Qe2 Nf6 10. Bg5 h6 11. Bh4 g5 12. Bg3 O-O-O 13. h3 Bh5 14. Qe3 Bg6 15.
h4 Nh7 16. Na4 f6 17. b4 Qd7 18. Nxc5 Bxc5 19. bxc5 Qg4 20. Rfe1 Rdg8 21. Nh2
Qh5 22. c6 gxh4 23. Qa7 Kd8 24. Qb8+ Ke7 25. Qxc7+ Kf8 26. cxb7 hxg3 27. b8=Q+
Be8 28. Qbd8 gxf2+ 29. Kxf2 Rxg2+ 30. Kxg2 Rg8+ 31. Kh1 Rg7 32. Qcd6+ Kg8 33.
Qe6+ Kh8 34. Qexe8+ Qxe8 35. Qxe8+ 1-0

[Event "DLM 2009"]
[Site "Wismar GER"]
[Date "2009.09.30"]
[Round "1"]
[White "Rafayevych, Vilen"]
[Black "Lubbe, Nikolas"]
[Result "0-1"]
[Termination "normal"]
[Board "3.1"]
[WhiteElo "2042"]
[BlackElo "2330"]
[WhiteTeam "Sachsen-Anhalt"]
[BlackTeam "Niedersachsen"]
[PlyCount "68"]
[WhiteFideId "24673897"]
[BlackFideId "4694031"]
[EventCountry "GER"]
[EventRounds "7"]
[EventType "team-swiss"]
[EventDate "2009.09.29"]

1. d4 Nf6 2. c4 c5 3. d5 e6 4. Nc3 exd5 5. cxd5 d6 6. e4 g6 7. f4 Bg7 8. Bb5+
Nfd7 9. Nf3 O-O 10. O-O a6 11. Bd3 b5 12. Kh1 c4 13. Bc2 b4 14. Na4 a5 15. f5
Ba6 16. Bg5 Bf6 17. Bxf6 Qxf6 18. Nd4 c3 19. Rf4 cxb2 20. Nxb2 Ne5 21. Qd2 g5
22. Rf2 h6 23. Ba4 Nbd7 24. Rc1 Nc5 25. Rxc5 dxc5 26. Nc6 Nxc6 27. Bxc6 Rad8
28. h4 c4 29. hxg5 hxg5 30. Qe3 c3 31. Nd3 Bxd3 32. Qxd3 Qxc6 33. Qh3 Qf6 34.
e5 Qh8 0-1

[Event "DLM 2009"]
[Site "Wismar GER"]
[Date "2009.09.30"]
[Round "1"]
[White "Günnigmann, Manuel"]
[Black "Mertens, Pauline"]
[Result "1-0"]
[Termination "normal"]
[Board "3.2"]
[WhiteElo "2158"]
[BlackElo "2014"]
[WhiteTeam "Niedersachsen"]
[BlackTeam "Sachsen-Anhalt"]
[PlyCount "87"]
[WhiteFideId "24640360"]
[BlackFideId "24671959"]
[EventCountry "GER"]
[EventRounds "7"]
[EventType "team-swiss"]
[EventDate "2009.09.29"]

1. e4 c5 2. Nf3 e6 3. d4 cxd4 4. Nxd4 a6 5. Nc3 Qc7 6. Bd3 Nf6 7. O-O Be7 8.
Qe2 d6 9. Bd2 Nbd7 10. Kh1 O-O 11. f4 b6 12. Rae1 Bb7 13. e5 dxe5 14. fxe5 Nd5
15. Nxd5 Bxd5 16. c4 Bb7 17. Bc3 g6 18. Nf3 Nc5 19. Bc2 Rac8 20. b4 Nd7 21. Bd3
b5 22. c5 Bd5 23. Bd2 Rfd8 24. Bf4 Nb8 25. Ng5 Qb7 26. Ne4 Bxe4 27. Bxe4 Qc7
28. Qf2 Bf8 29. Bg5 Re8 30. Re3 Bg7 31. Bf6 Rf8 32. Rh3 Bxf6 33. exf6 Qe5 34.
Re1 Qg5 35. Rg3 Qh5 36. Qf4 e5 37. Qe3 h6 38. Rh3 Qg5 39. Rxh6 Qxf6 40. Rh3 Rc7
41. Kg1 Rd8 42. Rf1 Qg7 43. Bxg6 Qxg6 44. Qxe5 1-0

[Event "DLM 2009"]
[Site "Wismar GER"]
[Date "2009.09.30"]
[Round "1"]
[White "Müller, Alexander"]
[Black "Bradler, Stephan"]
[Result "1/2-1/2"]
[Termination "normal"]
[Board "3.3"]
[WhiteElo "1928"]
[BlackElo "2061"]
[WhiteTeam "Sachsen-Anhalt"]
[BlackTeam "Niedersachsen"]
[PlyCount "107"]
[WhiteFideId "4624696"]
[BlackFideId "24629367"]
[EventCountry "GER"]
[EventRounds "7"]
[EventType "team-swiss"]
[EventDate "2009.09.29"]

1. e4 c5 2. Nf3 Nc6 3. d4 cxd4 4. Nxd4 Nf6 5. Nc3 e5 6. Ndb5 d6 7. Bg5 a6 8.
Na3 b5 9. Nd5 Be7 10. Bxf6 Bxf6 11. c3 O-O 12. Nc2 Bg5 13. Nce3 Rb8 14. Bd3 g6
15. O-O f5 16. Nc2 Be6 17. Ncb4 Nxb4 18. Nxb4 Qb6 19. Nc2 Qc5 20. exf5 Bxf5 21.
Bxf5 Rxf5 22. Qe2 Rbf8 23. Rad1 d5 24. g3 a5 25. a3 Rc8 26. Ne1 d4 27. cxd4
exd4 28. Qe6+ Kg7 29. Qd7+ Rf7 30. Qxd4+ Bf6 31. Qxc5 Rxc5 32. Rd2 Rfc7 33. Nd3
Rd5 34. Rfd1 Rcd7 35. Kf1 Bxb2 36. Rxb2 Rxd3 37. Rxd3 Rxd3 38. Rxb5 Rxa3 39.
Rb7+ Kh6 40. h4 Rf3 41. Ra7 Rf5 42. Kg2 g5 43. hxg5+ Rxg5 44. Kf3 Rb5 45. Ke4
Kg6 46. Kd4 h5 47. Ra6+ Kg5 48. f4+ Kf5 49. Rh6 Kg4 50. Rg6+ Kf3 51. Rg5 Rb4+
52. Kc3 h4 53. gxh4 Rxf4 54. Rxa5 1/2-1/2

[Event "DLM 2009"]
[Site "Wismar GER"]
[Date "2009.09.30"]
[Round "1"]
[White "Priese, Annika"]
[Black "Koop, Thorben"]
[Result "0-1"]
[Termination "normal"]
[Board "3.7"]
[WhiteElo "1284"]
[BlackElo "1738"]
[WhiteTeam "Sachsen-Anhalt"]
[BlackTeam "Niedersachsen"]
[PlyCount "38"]
[WhiteFideId "24673730"]
[BlackFideId "24661619"]
[EventCountry "GER"]
[EventRounds "7"]
[EventType "team-swiss"]
[EventDate "2009.09.29"]

1. e4 {[%emt 0:00:00]} c5 2. Nf3 e6 3. d4 cxd4 4. Nxd4 Nf6 5. Nc3 Nc6 6. Be3
Bb4 7. f3 Qa5 8. Qd2 d5 9. Bd3 dxe4 10. fxe4 Ng4 11. Nde2 O-O 12. O-O-O e5 13.
h3 Nxe3 14. Qxe3 Be6 15. Kb1 Rac8 16. h4 Nd4 17. Nxd4 exd4 18. Qxd4 Rxc3 19. b3
Rfc8 0-1

[Event "DLM 2009"]
[Site "Wismar GER"]
[Date "2009.09.30"]
[Round "1"]
[White "Diederichs, Luise"]
[Black "Pallas, Sebastian"]
[Result "1-0"]
[Termination "normal"]
[Board "3.8"]
[WhiteElo "1521"]
[BlackElo "1371"]
[WhiteTeam "Niedersachsen"]
[BlackTeam "Sachsen-Anhalt"]
[PlyCount "45"]
[WhiteFideId "24661597"]
[BlackFideId "12905453"]
[EventCountry "GER"]
[EventRounds "7"]
[EventType "team-swiss"]
[EventDate "2009.09.29"]

1. d4 {[%emt 0:00:00]} d5 {[%emt 0:00:00]} 2. c4 c6 3. Nc3 {[%emt 0:00:00]} Nf6
4. Nf3 e6 5. e3 Be7 6. Bd3 Nbd7 7. cxd5 exd5 8. Bd2 O-O 9. O-O Re8 10. Re1 Nf8
11. Qc2 Ng6 12. Ne5 Bd6 13. f4 c5 14. Nxg6 hxg6 15. e4 dxe4 16. Nxe4 cxd4 17.
Nxf6+ gxf6 18. Bxg6 Be6 19. Be4 Rb8 20. Qd3 b6 21. Kh1 Bf8 22. Qg3+ Bg7 23. f5
1-0

[Event "DLM 2009"]
[Site "Wismar GER"]
[Date "2009.09.30"]
[Round "1"]
[White "Savchenko, Aleksij"]
[Black "Wild, Achim"]
[Result "0-1"]
[Termination "normal"]
[Board "4.1"]
[WhiteElo "2246"]
[BlackElo "2033"]
[WhiteTeam "Nordrhein-Westfalen"]
[BlackTeam "Saarland"]
[PlyCount "84"]
[WhiteFideId "24611727"]
[BlackFideId "4658728"]
[EventCountry "GER"]
[EventRounds "7"]
[EventType "team-swiss"]
[EventDate "2009.09.29"]

1. d4 d5 2. c4 c6 3. Nf3 Nf6 4. e3 e6 5. Bd3 Nbd7 6. O-O Bd6 7. Nc3 dxc4 8.
Bxc4 b5 9. Bb3 Bb7 10. Qe2 Qe7 11. e4 e5 12. dxe5 Nxe5 13. Nh4 g6 14. f4 Neg4
15. e5 Bc5+ 16. Kh1 O-O-O 17. exf6 Qxe2 18. Nxe2 Rhe8 19. Ng3 Nf2+ 20. Rxf2
Bxf2 21. Nf3 c5 22. Ne5 Rd4 23. Nf1 g5 24. Bd2 gxf4 25. Nf3 Bxf3 26. gxf3 Rg8
27. h3 Rg1+ 28. Kh2 c4 29. Bb4 cxb3 30. Bc5 bxa2 31. Rxa2 Rxf1 32. Kg2 Rd2 33.
Kxf1 Bxc5 34. Ra1 Kd7 35. b4 Bd4 36. Ra3 Ke6 37. h4 Kxf6 38. h5 Kg5 39. h6 Kxh6
40. Ke1 Be3 41. Ra6+ Kg5 42. Rc6 h5 0-1